| 000 | 00574nam a2200205Ia 4500 | ||
|---|---|---|---|
| 003 | GCL | ||
| 008 | 140319s9999 xx 000 0 ara d | ||
| 040 |
_aGCL / _cGCL |
||
| 082 | 0 | 4 |
_aط _b371.3333 _bش ر |
| 100 | 1 | _aشركة سفير | |
| 245 | 1 | 0 |
_aرحلة البستان / _cشركة سفير |
| 260 |
_a[S.N] : _bسفير ، _c1990 |
||
| 490 | _a | ||
| 650 | 0 | 4 | _aتعليم |
| 650 | 0 | 4 | _aاشرطة التسجيل |
| 650 | 0 | 4 | _aالوسائل السمعية والبصرية |
| 650 | 0 | 4 | _aاطفال |
| 650 | 0 | 4 | _aمواد غير مطبوعة |
| 942 |
_2ddc _cBK |
||
| 999 |
_c56767 _d56767 |
||